| 000 | 00461mam a2200157 4500 | ||
|---|---|---|---|
| 082 | 0 | 0 |
_a330 _bREA _cL-27, P-63 |
| 100 | 1 |
_aSamuelson, Paul A. _937834 |
|
| 245 | 1 | 0 |
_aReadings in economics, _cedited by Paul A. Samuelson [and others] |
| 250 | _a4th ed. | ||
| 260 |
_aNew York, _bMcGraw-Hill _c[1964] |
||
| 300 |
_ax, 475 p. _billus. _c26 cm. |
||
| 526 |
_a0 _b0 _c0 _d330_000000000000000_REA |
||
| 650 | 0 |
_aEconomics. _91437 |
|
| 650 | 0 |
_aMCE _9379 |
|
| 942 |
_2ddc _cBK |
||
| 999 |
_c542599 _d542599 |
||